000 00394cam a2200169 4500
001 D12563
008 090401t1895 xxu||||| |||| 00| 0 eng d
035 _a(Sirsi) u4238
041 _aeng
100 _aDaniels, G St Leger
245 _aLeases: Principles and Points
260 _aLondon
_bEstates Gazette
_c1895
350 _a0
520 _aShelf 153
942 _n0
948 _c04/03/1997
999 _c86007
_d86007